New light on Martin Luther, (Record no. 48705)
[ view plain ]
| 000 -LEADER | |
|---|---|
| fixed length control field | 00696cam a22002411 4500 |
| 001 - CONTROL NUMBER | |
| control field | 7007842 |
| 005 - DATE AND TIME OF LATEST TRANSACTION | |
| control field | 20191104114201.0 |
| 008 - FIXED-LENGTH DATA ELEMENTS--GENERAL INFORMATION | |
| fixed length control field | 781024t19581957miua 000 0 eng |
| 010 ## - LIBRARY OF CONGRESS CONTROL NUMBER | |
| LC control number | 58014744 |
| 035 ## - SYSTEM CONTROL NUMBER | |
| System control number | (OCoLC)4315643 |
| 040 ## - CATALOGING SOURCE | |
| Original cataloging agency | DLC |
| Transcribing agency | CoDI |
| Modifying agency | DLC |
| 042 ## - AUTHENTICATION CODE | |
| Authentication code | premarc |
| 100 1# - MAIN ENTRY--PERSONAL NAME | |
| Personal name | Hyma, Albert, |
| Dates associated with a name | 1893-1978. |
| 245 10 - TITLE STATEMENT | |
| Title | New light on Martin Luther, |
| Remainder of title | with an authentic account of the Luther film of 1953. |
| 260 ## - PUBLICATION, DISTRIBUTION, ETC. (IMPRINT) | |
| Place of publication, distribution, etc | Grand Rapids: |
| Name of publisher, distributor, etc | Eerdmans, |
| Date of publication, distribution, etc | 1958 [c1957]. |
| 300 ## - PHYSICAL DESCRIPTION | |
| Extent | 287 p.: |
| Other physical details | illus.; |
| Dimensions | 24 cm. |
| 336 ## - CONTENT TYPE | |
| Content Type Term | text |
| 337 ## - MEDIA TYPE | |
| Media Type Term | unmediated |
| 338 ## - CARRIER TYPE | |
| Carrier Type Term | volume |
| 600 10 - SUBJECT ADDED ENTRY--PERSONAL NAME | |
| Personal name | Luther, Martin, |
| Dates associated with a name | 1483-1546. |
| 630 00 - SUBJECT ADDED ENTRY--UNIFORM TITLE | |
| Uniform title | Martin Luther (Motion picture) |
| 942 ## - ADDED ENTRY ELEMENTS (KOHA) | |
| Source of classification or shelving scheme | Library of Congress Classification |
| Item type | Books |
| Withdrawn status | Lost status | Source of classification or shelving scheme | Damaged status | Not for loan | Home library | Current library | Shelving location | Date acquired | Inventory number | Total Checkouts | Full call number | Barcode | Date last seen | Price effective from | Koha item type |
|---|---|---|---|---|---|---|---|---|---|---|---|---|---|---|---|
| Library of Congress Classification | BSOP Library | BSOP Library | GC | 11/04/2019 | 20746 | BR325 L97hy | 00021312 | 11/04/2019 | 11/04/2019 | Books |
